Spirituality personhood development and psychotherapy in Africa / (Record no. 13167)
[ view plain ]
| 000 -LEADER | |
|---|---|
| fixed length control field | 00710nam a22002172 4500 |
| 001 - CONTROL NUMBER | |
| control field | 0000009463 |
| 005 - DATE AND TIME OF LATEST TRANSACTION | |
| control field | 20151217155839.0 |
| 008 - FIXED-LENGTH DATA ELEMENTS--GENERAL INFORMATION | |
| fixed length control field | 081029s xx 000 0 eng d |
| 020 ## - INTERNATIONAL STANDARD BOOK NUMBER | |
| Terms of availability | KES 400 |
| 040 ## - CATALOGING SOURCE | |
| Original cataloging agency | KABU |
| Transcribing agency | KABU |
| 100 1# - MAIN ENTRY--PERSONAL NAME | |
| Personal name | Kiminyo, Daniel Mutungi. |
| -- | 0000160937 |
| 245 10 - TITLE STATEMENT | |
| Title | Spirituality personhood development and psychotherapy in Africa / |
| Statement of responsibility, etc. | Daniel Mutungi Kiminyo. |
| 260 ## - PUBLICATION, DISTRIBUTION, ETC. (IMPRINT) | |
| Place of publication, distribution, etc. | Nairobi : |
| Name of publisher, distributor, etc. | ERAP, |
| Date of publication, distribution, etc. | 2004. |
| 300 ## - PHYSICAL DESCRIPTION | |
| Extent | viii, 83 p. |
| 650 #0 - SUBJECT ADDED ENTRY--TOPICAL TERM | |
| Topical term or geographic name as entry element | Developmental psychology |
| Geographic subdivision | Africa. |
| -- | 0000160938 |
| 650 #0 - SUBJECT ADDED ENTRY--TOPICAL TERM | |
| Topical term or geographic name as entry element | Traditional medicine |
| Geographic subdivision | Africa. |
| -- | 0000160939 |
| 651 #0 - SUBJECT ADDED ENTRY--GEOGRAPHIC NAME | |
| Geographic name | Africa |
| General subdivision | Religion. |
| -- | 0000148559 |
| 908 ## - PUT COMMAND PARAMETER (RLIN) | |
| Put command parameter | 081029 |
| 950 ## - LOCAL HOLDINGS (RLIN) | |
| -- | 1 |
| Withdrawn status | Lost status | Source of classification or shelving scheme | Not for loan | Home library | Current library | Date acquired | Total Checkouts | Full call number | Barcode | Date last seen | Price effective from | Koha item type |
|---|---|---|---|---|---|---|---|---|---|---|---|---|
| Library of Congress Classification | Kabarak, Main Campus | Kabarak, Main Campus | 17/12/2015 | HM1027 .A37K56 c. 1 | 15069 | 17/12/2015 | 17/12/2015 | Africana Collection |